Escuela Superior de Relaciones Públicas de Barcelona : plan de estudios : programa de las asignaturas plan de estudios :
Descripción Física:
88 p. ; 21 cm
MARC
| LEADER | 00000nam a2200000Ia 4500 | ||
|---|---|---|---|
| 001 | 11351 | ||
| 003 | BGR | ||
| 005 | 20260324175256.0 | ||
| 008 | 160829s1968 xx 000 0 cat d | ||
| 080 | |a M-3-306 | ||
| 110 | 1 | |a Escola Superior de Relacions Públiques |9 70810 | |
| 245 | |a Escuela Superior de Relaciones Públicas de Barcelona : |b plan de estudios : |b programa de las asignaturas | ||
| 260 | |a Barcelona : |b (Imp. Casa Prov. de Caridad), |c 1968 | ||
| 300 | |a 88 p. ; |c 21 cm | ||
| 650 | |a Escola Superior de Relacions Públiques |x Currículums |9 47186 | ||
| 901 | |a Arxiu | ||
| 942 | |n 1 |2 udc |c MON | ||
| 952 | |0 0 |1 0 |4 0 |6 M3306 |7 1 |9 43146 |a Arxiu |b Arxiu |d 2016-12-01 |l 0 |o M-3-306 |p 11351 |r 2016-12-01 00:00:00 |w 2016-12-01 |y ARXIU | ||
| 999 | |c 45690 |d 45690 | ||